[Event "III. CLANSKA LIGA ZAHOD 2019"]
[Site "Komenda"]
[Date "2019.12.08"]
[Round "5.4"]
[White "Meze Ivanic, Ema"]
[Black "Jancigaj, Saso Valentin"]
[Result "0-1"]
[WhiteElo "1147"]
[BlackElo "1682"]
[PlyCount "48"]
[EventDate "2019.12.08"]
[WhiteTeam "SK POSTOJNA"]
[BlackTeam "SK VISNJA GORA - STICNA"]

1. e4 e6 2. Nf3 f5 3. d3 d5 4. Nc3 Bb4 5. Bg5 Ne7 6. Bd2 O-O 7. Nh4 d4 8. Be2
dxc3 9. bxc3 Ba5 10. c4 Bxd2+ 11. Qxd2 fxe4 12. O-O Nf5 13. Nxf5 exf5 14. Qe3
exd3 15. cxd3 f4 16. Qe4 Nc6 17. c5 Qd4 18. Qf3 Ne5 19. Qh5 g6 20. Qh6 Bd7 21.
Bd1 f3 22. Bb3+ Kh8 23. Rac1 fxg2 24. Rfd1 Qxf2# 0-1

[Event "III. CLANSKA LIGA ZAHOD 2019"]
[Site "Komenda"]
[Date "2019.12.08"]
[Round "5.1"]
[White "Mihelic, Vesna"]
[Black "Stanic, Vitko"]
[Result "1-0"]
[WhiteElo "1852"]
[BlackElo "1744"]
[PlyCount "73"]
[EventDate "2019.12.08"]
[WhiteTeam "SD MENGES - TRZIN"]
[BlackTeam "SK LOSKA DOLINA II"]

1. e4 c5 2. Nf3 Nc6 3. Bb5 e6 4. O-O Nge7 5. Re1 a6 6. Bf1 Ng6 7. Nc3 Be7 8. d4
cxd4 9. Nxd4 O-O 10. Be3 Qc7 11. g3 Nce5 12. Qe2 b5 13. f4 Nc4 14. Ndxb5 axb5
15. Nxb5 Qc6 16. Qxc4 Qxc4 17. Bxc4 Bb7 18. Bd4 Rfc8 19. Bd3 d5 20. c3 dxe4 21.
Bxe4 Bxe4 22. Rxe4 Rab8 23. a4 Bc5 24. Bxc5 Rxc5 25. b4 Rc6 26. c4 f5 27. Rd4
e5 28. Rd5 Rxc4 29. a5 exf4 30. a6 Ne7 31. a7 Ra8 32. Rd7 Nc6 33. Ra6 fxg3 34.
hxg3 h6 35. Rb7 Nxb4 36. Rb8+ Rc8 37. Rxc8+ 1-0

[Event "III. CLANSKA LIGA ZAHOD 2019"]
[Site "Komenda"]
[Date "2019.12.08"]
[Round "5.2"]
[White "Bavec, Vinko"]
[Black "Ocepek, Marjan"]
[Result "1/2-1/2"]
[WhiteElo "1547"]
[BlackElo "1581"]
[PlyCount "55"]
[EventDate "2019.12.08"]
[WhiteTeam "SK LOSKA DOLINA II"]
[BlackTeam "SD MENGES - TRZIN"]

1. d4 Nf6 2. Nf3 d5 3. g3 g6 4. Bg2 Bg7 5. O-O O-O 6. c3 Nbd7 7. Nbd2 Ne4 8.
Nb3 Ndf6 9. Nfd2 c6 10. Nxe4 Nxe4 11. f3 Nd6 12. Nd2 e5 13. dxe5 Bxe5 14. e4
dxe4 15. Nxe4 Qb6+ 16. Kh1 Nxe4 17. fxe4 Be6 18. Qc2 Rad8 19. Re1 Bg4 20. Be3
Qc7 21. Qf2 b6 22. Bf3 Be6 23. a3 Bb3 24. Bd1 Bc4 25. Be2 Bb3 26. Bd1 Bc4 27.
Be2 Bb3 28. Bd1 1/2-1/2

[Event "III. CLANSKA LIGA ZAHOD 2019"]
[Site "Komenda"]
[Date "2019.12.08"]
[Round "5.3"]
[White "Posavec, Zvone"]
[Black "Sraj, Jernej"]
[Result "1-0"]
[WhiteElo "1348"]
[BlackElo "1052"]
[PlyCount "109"]
[EventDate "2019.12.08"]
[WhiteTeam "SD MENGES - TRZIN"]
[BlackTeam "SK LOSKA DOLINA II"]

1. e4 c6 2. Nf3 d5 3. exd5 cxd5 4. d4 Bf5 5. Bb5+ Nc6 6. Qe2 a6 7. Ba4 Qa5+ 8.
Nc3 e6 9. Bxc6+ bxc6 10. O-O Bb4 11. Nd1 Nf6 12. a3 Bd6 13. Bd2 Qb6 14. Bc3 Ne4
15. b3 O-O 16. Qe3 Qc7 17. Bb4 c5 18. dxc5 Bxc5 19. Bxc5 Qxc5 20. Qxc5 Nxc5 21.
Nd4 Be4 22. f3 Bg6 23. Re1 Rfe8 24. b4 Na4 25. Rc1 Rac8 26. Re2 e5 27. Nb3 Rc7
28. Ne3 d4 29. Ng4 f6 30. Nxd4 exd4 31. Rxe8+ Bxe8 32. Re1 Bh5 33. Nf2 Bf7 34.
Rd1 Rxc2 35. Rxd4 Nc3 36. Rd8+ Be8 37. Rxe8+ Kf7 38. Re1 Ne2+ 39. Kf1 Rc1 40.
Rxc1 Nxc1 41. Ke1 Nb3 42. Kd1 g5 43. Kc2 Nd4+ 44. Kd3 Nb5 45. a4 Nd6 46. Ne4
Nxe4 47. Kxe4 Kg6 48. b5 f5+ 49. Ke5 g4 50. b6 gxf3 51. gxf3 h5 52. b7 Kg5 53.
b8=Q Kh4 54. Kxf5 Kh3 55. Qg3# 1-0

[Event "III. CLANSKA LIGA ZAHOD 2019"]
[Site "Komenda"]
[Date "2019.12.08"]
[Round "5.4"]
[White "Bavec, Jakob"]
[Black "Timagina, Sofia"]
[Result "0-1"]
[WhiteElo "1125"]
[BlackElo "1072"]
[PlyCount "88"]
[EventDate "2019.12.08"]
[WhiteTeam "SK LOSKA DOLINA II"]
[BlackTeam "SD MENGES - TRZIN"]

1. d4 Nf6 2. Nf3 g6 3. g3 Bg7 4. Bg2 O-O 5. O-O d6 6. Nc3 Nbd7 7. Bg5 h6 8.
Bxf6 Bxf6 9. Qd3 Bg7 10. Rad1 e5 11. dxe5 Nxe5 12. Nxe5 Bxe5 13. Qd2 Bg7 14.
Qc1 Re8 15. a3 Bxc3 16. bxc3 Kh7 17. e3 Qf6 18. Qb2 c6 19. Rd2 Re7 20. Rfd1 d5
21. Rd4 Be6 22. Rf4 Qg5 23. h4 Qh5 24. Bf3 Qe5 25. Rb4 Rb8 26. Rdd4 c5 27. Rd3
cxb4 28. Qxb4 Ree8 29. e4 dxe4 30. Bxe4 Bf5 31. Bxf5 Qxf5 32. Qa4 Re1+ 33. Kg2
Rbe8 34. Qb3 Qe4+ 35. Rf3 Re6 36. c4 Rf6 37. c5 Rxf3 38. Qxf3 Qxf3+ 39. Kxf3
Re5 40. g4 Rxc5 41. g5 hxg5 42. hxg5 Rxc2 43. a4 Ra2 44. a5 Rxa5 0-1